000 00774nam a2200265Ia 4500
003 OSt
005 20220928120750.0
006 a|||||r|||| 00| 0
007 ta
008 220927b |||||||| |||| 00| 0 eng d
020 _c0
024 _a112264
037 _bGIFT, 02/08/2011, Gift
_cTextual
040 _aSDCL
_cSDCL
_beng
041 _2eng
_aeng
082 _aD65264, P1
100 _aHong Jia-Shen G
_9450997
245 0 _aMicrostrip filters for RF/Microwave applications.
260 _aNew York
_b John Wiley & Sons
_c2001
300 _axii,471p.
_ccm.
650 _aGift
_9391569
700 _a Lancaster M J
_9450998
942 _hD65264, P1
_cTEXL
_2CC
999 _c765124
_d765124